MARC

LEADER 00000nam0a2200000 4500
001 275761
005 20250310154416.0
035 |a (RuTPU)RU\TPU\book\299012 
090 |a 275761 
100 |a 20141117d1971 km y0rusy50 ca 
101 0 |a rus 
102 |a RU 
105 |a a z 001zy 
200 1 |a Определение корреляционных характеристик при выявлении закономерностей искривления и профилирование скважин с помощью электронно-вычислительной машины Минск-1  |f С. С. Сулакшин [и др.]  |g Томский политехнический институт (ТПИ) 
210 |a Томск  |c Изд-во Томского ун-та  |d 1971 
215 |a 140 с.  |c ил. 
320 |a Библиогр.: с. 137-138. 
606 1 |a Полезные ископаемые  |x Поиски и разведка  |x Техника  |2 stltpush  |3 (RuTPU)RU\TPU\subj\70490  |9 84735 
610 1 |a скважины 
610 1 |a искривление 
610 1 |a выявление 
610 1 |a Минск-1 
610 1 |a корреляционные характеристики 
610 1 |a материалы 
610 1 |a получение 
610 1 |a обработка 
610 1 |a профилирование 
610 1 |a расчет 
610 1 |a труды учёных ТПУ 
675 |a 550.82  |v 3 
701 1 |a Сулакшин  |b С. С.  |c российский геолог  |c Заслуженный профессор Томского политехнического университета  |f 1919-2011  |g Степан Степанович  |3 (RuTPU)RU\TPU\pers\13908  |9 4410 
701 1 |a Калиниченко  |b Г. Л.  |g Григорий Лукич 
701 1 |a Бакланова  |b Л. В.  |g Людмила Васильевна 
701 1 |a Ставенко  |b Г. И.  |g Галина Ивановна 
712 0 2 |a Томский политехнический институт (ТПИ)  |c (1944-1991)  |3 (RuTPU)RU\TPU\col\1123 
801 1 |a RU  |b 63413507  |c 20141117 
801 2 |a RU  |b 63413507  |c 20210209  |g RCR 
942 |c BK